| 000 | 00938nam a2200241Ii 4500 | ||
|---|---|---|---|
| 003 | JO-AjNU | ||
| 008 | 230605s9999||||xx |||||||||||||| ||und|| | ||
| 017 | _a2006/2/399 | ||
| 020 | _a9957-417-14-2 | ||
| 040 |
_aJO-AjNU _bara _erda _cJO-AjNU |
||
| 041 | _aara | ||
| 050 | 1 | 4 | _aHN766.J86 2006 |
| 100 | 3 |
_aالجنحاني، الحبيب, _eauthor _945290 |
|
| 245 | 0 | 0 | _aالمجتمع المدني والتحول الديمقراطي في الوطن العربي |
| 250 | _aط1 | ||
| 264 | 3 | 1 | _aعمان: منتدى الفكر العربي، دار جرير للنشر والتوزيع، 2006 |
| 300 | _a110ص | ||
| 336 |
_atext _btxt _2rdacontent |
||
| 337 |
_aunmediated _bn _2rdamedia |
||
| 338 |
_avolume _bnc _2rdacarrier |
||
| 490 | 0 | _aسلسلة دراسات المنتدى؛ 2 | |
| 650 | 4 |
_aالمجتمع المدني - الديمقراطية - التنمية الاجتماعية - البلدان العربية _945291 |
|
| 999 |
_aA19620 _c23188 _d23188 |
||